Statistics for A Cities by picture

Click here to take the quiz!

General Stats

  • This quiz has been taken 34 times
  • The average score is 8 of 15

Answer Stats

Answer % Correct
Athens
97%
Agra
93%
Abu Dhabi
79%
Ankara
76%
Amsterdam
72%
Atlanta
66%
Auckland
62%
Anchorage
48%
Austin
45%
Antwerp
41%
Andorra la Vella
31%
Astana
28%
Almaty
28%
Alexandria
7%
Auburn
3%

Score Distribution

Percentile by Number Answered

Percent of People with Each Score

Your Score History

You have not taken this quiz